Eastern Utah Libraries Catalog: Duchesne, Heber, Roosevelt, & Vernal

Chasing Waterfalls (Record no. 363112)

MARC details
000 -LEADER
fixed length control field 01299ngm a22003972a 4500
001 - CONTROL NUMBER
control field MWT14138071
003 - CONTROL NUMBER IDENTIFIER
control field MWT
005 - DATE AND TIME OF LATEST TRANSACTION
control field 20210713165803.0
008 - FIXED-LENGTH DATA ELEMENTS--GENERAL INFORMATION
fixed length control field 210601s2021 xxu084 e vleng d
010 ## - LIBRARY OF CONGRESS CONTROL NUMBER
LC control number 1251391370
024 1# - OTHER STANDARD IDENTIFIER
Standard number or code 767685165607
040 ## - CATALOGING SOURCE
Original cataloging agency Midwest
Description conventions rda
092 ## - LOCALLY ASSIGNED DEWEY CALL NUMBER (OCLC)
Classification number DVD
245 00 - TITLE STATEMENT
Title Chasing Waterfalls
Medium [videorecording].
250 ## - EDITION STATEMENT
Edition statement Widescreen ed.
260 ## - PUBLICATION, DISTRIBUTION, ETC. (IMPRINT)
Place of publication, distribution, etc [United States] :
Name of publisher, distributor, etc Distribution Solutions,
Date of publication, distribution, etc 2021.
264 ## - Production, Publication, Distribution, Manufacture, and Copyright Notice.
Place of production, publication, distribution, manufacture [United States] :
Name of producer, publisher, distributor, manufacturer Distribution Solutions,
Date of production, publication, distribution, manufacture, or copyr 2021.
300 ## - PHYSICAL DESCRIPTION
Extent 1 videodisc (ca. 84 min.) :
Other physical details sd., col. ;
Dimensions 4 3/4 in.
500 ## - GENERAL NOTE
General note 07/13/2021.
508 ## - CREATION/PRODUCTION CREDITS NOTE
Creation/production credits note Director, Christie Will Wolf.
511 1# - PARTICIPANT OR PERFORMER NOTE
Participant or performer note Cindy Busby, Christopher Russell, Cassidy Nugent.
520 ## - SUMMARY, ETC.
Summary, etc Amy is assigned to photograph a fabled waterfall and ends up falling for her rugged guide, Mark.
521 8# - TARGET AUDIENCE NOTE
Target audience note TV rating: TV-G.
538 ## - SYSTEM DETAILS NOTE
System details note DVD.
546 ## - LANGUAGE NOTE
Language note English audio; English subtitles.
655 #4 - INDEX TERM--GENRE/FORM
Genre/form data or focus term Romance.
700 1# - ADDED ENTRY--PERSONAL NAME
Personal name Busby, Cindy.
9 (RLIN) 5732303
700 1# - ADDED ENTRY--PERSONAL NAME
Personal name Russell, Christopher.
9 (RLIN) 76567
700 1# - ADDED ENTRY--PERSONAL NAME
Personal name Nugent, Cassidy.
9 (RLIN) 6422567
856 7# - ELECTRONIC LOCATION AND ACCESS
Materials specified View cover art
Uniform Resource Identifier <a href="https://thumbnail.midwesttape.com/14138071_180.jpg">https://thumbnail.midwesttape.com/14138071_180.jpg</a>
Access method https
907 ## - LOCAL DATA ELEMENT G, LDG (RLIN)
a .b454914465
942 ## - ADDED ENTRY ELEMENTS (KOHA)
Source of classification or shelving scheme Dewey Decimal Classification
Koha item type DVD
Holdings
Withdrawn status Lost status Source of classification or shelving scheme Damaged status Not for loan Collection code Home library Current library Shelving location Date acquired Source of acquisition Total Checkouts Total Renewals Full call number Barcode Date last seen Date checked out Cost, replacement price Price effective from Koha item type
    Dewey Decimal Classification     Movies Wasatch County Library Wasatch County Library Audio Visual Area 08/03/2021 Micromarketing 8 5 DVD Cha 34301001819731 03/07/2025 02/10/2025 14.98 08/03/2021 DVD
This project was made possible through a grant from the Institute of Museum and Library Service administered by the Utah State Library Division.

Wasatch County Library

  • 465 East 1200 South, Heber City, Utah 84032
  • Phone 435-654-1511 | Fax 435-654-6456

Hours

  • Monday - Friday 9:30 AM - 8:00 PM
  • Saturday 9:30 AM - 1:30 PM
  • Closed Sundays and Holidays